Online katalóg knižníc regiónu Turca

Morena, Morena- (Record no. 20443)

MARC details
000 -LEADER
fixed length control field 01329nam a2200445 a 4500
001 - CONTROL NUMBER
control field 20443
003 - CONTROL NUMBER IDENTIFIER
control field VRT
005 - DATE AND TIME OF LATEST TRANSACTION
control field 20260122141355.0
008 - FIXED-LENGTH DATA ELEMENTS--GENERAL INFORMATION
fixed length control field 960531q1995 xo p 000 0 slo c
020 ## - INTERNATIONAL STANDARD BOOK NUMBER
International Standard Book Number 8088834015 (brož.)
035 ## - SYSTEM CONTROL NUMBER
System control number UKB000184611
040 ## - CATALOGING SOURCE
Original cataloging agency BAA001
Language of cataloging slo
Transcribing agency BAA001
Description conventions AACR2
041 1# - LANGUAGE CODE
Language code of text/sound track or separate title slo
044 ## - COUNTRY OF PUBLISHING/PRODUCING ENTITY CODE
MARC country code xo
ISO country code SK
080 ## - UNIVERSAL DECIMAL CLASSIFICATION NUMBER
Universal Decimal Classification number 398.222(087.5)(08)
080 ## - UNIVERSAL DECIMAL CLASSIFICATION NUMBER
Universal Decimal Classification number 885.4-93-144(08)
080 ## - UNIVERSAL DECIMAL CLASSIFICATION NUMBER
Universal Decimal Classification number 885.4-93-34(08)
243 10 - COLLECTIVE UNIFORM TITLE
Uniform title <a href="Ľudová slovesnosť">Ľudová slovesnosť</a>
245 10 - TITLE STATEMENT
Title Morena, Morena-
Remainder of title výber z ľudovej slovesnosti
260 ## - PUBLICATION, DISTRIBUTION, ETC.
Place of publication, distribution, etc. Rohovce
Name of publisher, distributor, etc. Interpopulart Slovakia
Date of publication, distribution, etc. [1995]
300 ## - PHYSICAL DESCRIPTION
Extent 90 s
490 1# - SERIES STATEMENT
Series statement Populart. Študentská knižnica
Volume/sequential designation 2
500 ## - GENERAL NOTE
General note Ľudová slovesnosť
504 ## - BIBLIOGRAPHY, ETC. NOTE
Bibliography, etc. note Bibliogr. s. 89
650 07 - SUBJECT ADDED ENTRY--TOPICAL TERM
Topical term or geographic name entry element literatúra slovenská
650 07 - SUBJECT ADDED ENTRY--TOPICAL TERM
Topical term or geographic name entry element povesti
650 07 - SUBJECT ADDED ENTRY--TOPICAL TERM
Topical term or geographic name entry element bájky
650 07 - SUBJECT ADDED ENTRY--TOPICAL TERM
Topical term or geographic name entry element balady
650 07 - SUBJECT ADDED ENTRY--TOPICAL TERM
Topical term or geographic name entry element literatúra pre deti a mládež
653 ## - INDEX TERM--UNCONTROLLED
Uncontrolled term 398.222(087.5)(08)
653 ## - INDEX TERM--UNCONTROLLED
Uncontrolled term 885.4-93-144(08)
653 ## - INDEX TERM--UNCONTROLLED
Uncontrolled term 885.4-93-34(08)
760 1# - MAIN SERIES ENTRY
Title Populart. Študentská knižnica
830 #0 - SERIES ADDED ENTRY--UNIFORM TITLE
Uniform title Populart. Študentská knižnica
Volume/sequential designation 2
910 ## - USER-OPTION DATA (OCLC)
User-option data ukb
942 ## - ADDED ENTRY ELEMENTS (KOHA)
Source of classification or shelving scheme Dewey Decimal Classification
Koha item type Krásna literatúra pre dospelých
Suppress in OPAC No
949 ## - LOCAL PROCESSING INFORMATION (OCLC)
6 1800004745
a 30.D.64396
b PV.1807-96
949 ## - LOCAL PROCESSING INFORMATION (OCLC)
6 1800004744
a SL.D.23143
b PV.1808-96
949 ## - LOCAL PROCESSING INFORMATION (OCLC)
6 1800006899
a 30.D.64396
b KD.171-96
o Čitateľská strata č. 662-2006
s 6705:20071107
Holdings
Stav vyradenia Strata Poškodenie Spôsob nadobudnutia Domovská knižnica Aktuálna knižnica Dátum nadobudnutia Total checkouts Čiarový kód exemplára Date last seen Typ exemplára
      Dar Obecná knižnica Horná Štubňa Obecná knižnica Horná Štubňa 22.01.2026   8088834015 22.01.2026 Krásna literatúra pre dospelých
Projekt je podporený Slovenskou asociáciou knižníc
Prevádzkuje Turčianska knižnica Martin 2026